CHANGES OF RESIDUAL PROTEINS AND OF TYROSIN IN RAT LIVER AFTER APPLICATION OF CARBON TETRACHLORIDE

Bibliographic Details
Main Authors: Brixová, Eva, 1928-2005 (Author), Bachledová, Elena (Author), Fedorčáková, Annamária (Author), Kolesár, Pavol, 1929-2013 (Author)
Format: Article
Language:English

MARC

LEADER 00000nab a2200000uu 4500
001 vtls011441500
003 SK-MaSNL
005 20260303123329.0
008 230213|1961 xo |||||||||||||||||eng|
015 |a SNBRB 
035 |a (urnnbn)urn:nbn:sk:snk:ar-0030zf 
035 |a (uuid)953d05eb-a385-468d-9255-5a3d5589d87e 
035 |a urn:nbn:sk:snk-abcfqb 
040 |a SNKBUCL  |b slo  |c SNKBUCL  |e AACR2 
041 0 |a eng 
044 |a xo  |c SK 
100 1 |a Brixová, Eva,  |d 1928-2005  |4 aut  |9 40385 
245 1 0 |a CHANGES OF RESIDUAL PROTEINS AND OF TYROSIN IN RAT LIVER AFTER APPLICATION OF CARBON TETRACHLORIDE  |c Eva Brixová, Annamária Fedorčáková, Elena Bachledová, Pavol Kolesár 
700 1 |a Bachledová, Elena  |4 aut  |9 1139028 
700 1 |a Fedorčáková, Annamária  |4 aut  |9 1139029 
700 1 |a Kolesár, Pavol,  |d 1929-2013  |4 aut  |9 151119 
773 0 |t Biológia : časopis Slovenskej akadémie vied  |g Roč. 16, č. 1 (1961), s. 47-50 
954 |a odborná, vedecká literatúra pôvodná (slovenská)  |2 lita 
958 |a OND 
958 |a EUIPO 
958 |a article16 
999 |c 1925287  |d 1927217